04354nab a2200361 i 4500003000900000005001700009008004100026040001800067072001400085100001500099100001400114100001700128100001900145100001600164100001200180100001300192100001600205100001400221100001400235245008500249500007600334520145200410520174601862650001703608650001403625650002303639650001003662650001503672773019703687856007703884942001603961999001503977BR-BrBNA20230926091238.0230711b2020 bl.ar|pooa||| 00| 0 eng | aBR-BrBNAbeng aH60b0180 aRehman, A. aQamar, R. aSafdar, M.E. aJaveed, H.M.R. aShehzad, M. aAli, M. aAsif, M. aTarar, Z.H. aAhmed, A. aJamil, M. aUnderstanding the competitive effects of blessed milkthistle densities on wheat  aPublicação on-line; 33 ref.; 2 tables; 9 illus.; Summaries (En, Pt) a ABSTRACT - Weed-induced yield loss in wheat crop is a great threat to food security in Pakistan. A comprehensive understanding of weed-crop competition is very important to develop sustainable and cost-effective weed management. For this purpose, two-year field studies were conducted to determine the effect of different blessed milkthistle densities on the phenology and yield of wheat crop in a ricewheat cropping scheme in Sargodha, Pakistan during 2013-2014 and 2014-2015. The experiment comprised seven treatments: control (weed free), weedy check (weedy without any control) and blessed milkthistle densities of 5, 10, 15, 20 and 25 plants m-2. In response to increasing weed density, a gradual reduction in yield and yieldrelated traits of wheat was noted. Compared to the weed-free control, a significant reduction in number of productive tillers m-2 (20% and 18%), plant height (15% and 18%), spike length (19% and 26%), number of grains spike-1 (23% and 26%), 1000 grain weight (28% and 28%), grain (29% and 30%) and biological (20% and 24%) yields of wheat occurred at and beyond blessed milkthistle density of 5 plants m-2 during 2013-2014 and 2014-2015 respectively. It can be concluded that blessed milkthistle weed must be controlled if its population density reaches 5 plants m-2 in order to avoid significant grain yield losses in wheat. Keywords: blessed milkthistle, density, phenology, rice-wheat cropping systems, yield. a RESUMO - A perda de rendimento induzida por plantas daninhas na cultura do trigo é uma grande ameaça à segurança alimentar no Paquistão. Uma compreensão abrangente da competição de culturas de plantas daninhas é muito importante para desenvolver um manejo sustentável e econômico dessas plantas. Para esse propósito, foram conduzidos estudos de campo de dois anos para determinar o efeito de diferentes populações de cardo-mariano na fenologia e rendimento da safra de trigo no esquema de cultivo de trigo de arroz de Sargodha, Paquistão, durante 2013-2014 e 2014-2015. O experimento consistiu de sete tratamentos: controle (livre de plantas daninhas), teste de plantas daninhas (sem controle) e densidade populacional do cardo-mariano de 5, 10, 15, 20 e 25 plantas m-2. Em resposta ao aumento da densidade de plantas daninhas, observou-se redução gradual no rendimento e nas características relacionadas com o rendimento do trigo. Comparado ao controle livre de plantas daninhas, reduções significativas em número de perfilhos produtivos m-2 (20% e 18%), altura de plantas (15% e 18%), comprimento de espiga (19% e 26%), número de grãos espigão-1 (23% e 26%), peso de mil grãos (28% e 28%), grãos (29% e 30%) e rendimento biológico (20% e 24%) de trigo ocorreram em e além da densidade populacional de cardo-mariano de 5 plantas m-2 durante 2013-2014 e 2014-2015, respectivamente Pode-se concluir que a planta daninha Cardo-mariano deve ser controlada se sua densidade populacional atingir 5 plantas m-2, a fim de evitar perdas significativas no rendimento de grãos do trigo. Palavras-chave: cardo-mariano, densidade, fenologia, sistemas de cultivo de trigo do arroz, rendimento. aERVA DANINHA aFENOLOGIA aSISTEMA DE CULTIVO aTRIGO aRENDIMENTO0 088691817dLondrina-PR : Sociedade Brasileira da Ciência das Plantas Daninhas, 1978o2023-031024tPlanta Daninha (Brazil)x0100-8358; 1806-9681 (on-line)gv. 38 p. 1-12; (2020)wBR2023000785 uhttps://www.scielo.br/j/pd/a/n3qdPmxvmmJrCpFT6XCz77D/?format=pdf&lang=en cAnalítica c9594d9594